[Event "Wch FIDE Online U16 Asia qual"]
[Site "Tornelo INT"]
[Date "2020.12.11"]
[Round "1"]
[White "Pour Agha Bala, Amirreza"]
[Black "Malik, Jan Adiar"]
[Result "1-0"]
[WhiteElo "2432"]
[BlackElo "2201"]
[PlyCount "87"]
[EventDate "2020.12.11"]
[EventType "swiss (rapid)"]
[EventRounds "7"]
[EventCountry "ISS"]
[SourceTitle "EXT 2022"]
[Source "ChessBase"]
[SourceDate "2021.10.06"]
[SourceVersion "1"]
[SourceVersionDate "2021.10.06"]
[SourceQuality "1"]

1. Nf3 d5 2. g3 c5 3. Bg2 Nc6 4. 0-0 Nf6 5. d3 e5 6. Bg5 Be7 7. Nfd2 0-0 8. Nc3 Be6 9. Bxf6 Bxf6 10. e4 d4 11. Nd5 Bxd5 12. exd5 Ne7 13. Qf3 Ng6 14. h4 Rc8 15. Rfe1 Re8 16. a4 b6 17. Nc4 a6 18. h5 Nf8 19. Re2 Nd7 20. Nd6 Qc7 21. Nxc8 Qxc8 22. Bh3 Qc7 23. Bxd7 Qxd7 24. c4 Qd6 25. Rae1 h6 26. Kg2 Re7 27. Re4 Re8 28. Qf5 b5 29. axb5 axb5 30. b3 Rd8 31. f4 Qd7 32. Qxd7 Rxd7 33. fxe5 Bg5 34. e6 fxe6 35. dxe6 Re7 36. cxb5 Be3 37. R1xe3 dxe3 38. Rxe3 Kf8 39. Re5 Rb7 40. Rxc5 Ke7 41. d4 Kxe6 42. Kf3 Rd7 43. Ke4 Rd6 44. Rc6 1-0

[Event "Jakarta Hayandra"]
[Site "Jakarta"]
[Date "2020.10.23"]
[Round "5"]
[White "Sumardi, Saidul Ula"]
[Black "Malik, Jan Adiar"]
[Result "1/2-1/2"]
[WhiteElo "2109"]
[BlackElo "1857"]
[PlyCount "122"]
[EventDate "2020.10.21"]
[EventType "tourn"]
[EventRounds "10"]
[EventCountry "INA"]
[SourceTitle "CBM 199 Extra"]
[Source "ChessBase"]
[SourceDate "2021.01.31"]
[SourceVersion "1"]
[SourceVersionDate "2021.01.31"]
[SourceQuality "1"]

1. e4 c5 2. Nc3 d6 3. f4 Nc6 4. Nf3 g6 5. Bb5 Bg7 6. 0-0 Nf6 7. d3 0-0 8. Bxc6 bxc6 9. Qe1 Bg4 10. Nd2 d5 11. Qh4 Qd7 12. e5 Ne8 13. Na4 c4 14. Nc5 Qc8 15. Qxe7 Nc7 16. h3 Be6 17. Qh4 Re8 18. Nf3 Na6 19. Nxa6 Qxa6 20. d4 Bf5 21. c3 Rab8 22. Rf2 Qa4 23. Be3 Rb7 24. Kh2 Reb8 25. g4 Bd3 26. Bc1 Qd1 27. Qg3 Be4 28. f5 c5 29. dxc5 Bxf3 30. Qxf3 Qxf3 31. Rxf3 Bxe5+ 32. Kg2 Rc7 33. Re3 Bf4 34. Re2 Bxc1 35. Rxc1 Rxc5 36. Kf3 gxf5 37. gxf5 Kg7 38. Rd1 Kf6 39. Kf4 h5 40. Rd4 Ra5 41. a3 Rab5 42. Re5 Rxb2 43. Rexd5 Rf2+ 44. Kg3 Rxf5 45. Rxf5+ Kxf5 46. Rxc4 Rb3 47. a4 a5 48. Rc5+ Kg6 49. Kf4 Ra3 50. Rc4 Ra1 51. Ke5 f6+ 52. Kd5 f5 53. Kc6 Rb1 54. h4 Kf6 55. Kd5 Rd1+ 56. Rd4 Re1 57. c4 Re5+ 58. Kc6 Re4 59. Kd5 Re5+ 60. Kd6 Re6+ 61. Kd5 Re5+ 1/2-1/2